=LDR 00000nam 2200000 4500 =001 INLIS000000000062295 =005 20230814101019 =035 ##$$a 0010-0723000033 =007 ta =008 230814################g##########0#ind## =020 ##$$a 978-602-394-652-5 =082 ##$$a 155.5 =084 ##$$a 155.5 KIM t =245 ##$$a Timer of your life : $b bagimu, masa muda hanya sekali /$c Randi Kim =300 ##$$a xi, 401 halaman ; $c 19 cm. =650 #4$$a Pesikologi Remaja =264 ##$$a Jakarta :$b Buana Ilmu Populer,$c 2019 =336 ##$$a teks$2 rdacontent =337 ##$$a tanpa perantara$2 rdamedia =338 ##$$a volume$2 rdacarrier =990 ##$$a 5202300468